00450nam a2200169Ia 450000500170000000800410001704000190005804100120007708200150008910000200010424500690012426000320019330000110022550400190023665000140025585000110026920240202110001.0131103s9999 xx 000 0 und d aLoreto College aEnglish a370.1bNUN aNunn, Sir Percy aEducation, b Its Data and first Principles, cSir Percy Nunn aLondonbEdward arnoldc1963 a283p.  aIncludes index aEducation aLCLIB